000 00342nam a22001457a 4500
003 SGT
020 _a8185200556
082 _a346.048
_bPEA
100 _aPEARSON HILARY
245 _aCOMMERCIAL EXPLOITATION OF INTELLECTUAL PROPERTY
250 _a1
260 _aNEW DELHI
_bUNIVERSAL BOOK TRADERS
_c1994
300 _a464
942 _2ddc
_cBK
999 _c29145
_d29145